000 00539cam a2200169 4500
001 5453
005 20250602154642.0
008 151007s2016 ii b 000 0 eng
010 _a 2015039140
020 _a9780739499863
100 1 _aNaisbitt, John,
_eauthor.
245 1 0 _aGlobal game change :
_bhow the global Southern belt will reshape our world /
_cJohn and Doris Naisbitt.
264 1 _aNew York;
_a"Norton and Company
_bSAGE,
_c[2016]
300 _a xi; 379 pages.
440 _aNazi games:The olympics of 1936
942 _2ddc
_cMAIN
999 _c10287
_d10288